000 00561nam a2200145Ia 4500
008 100204s9999 xx 000 0 und d
082 _b2085
100 _aगोखले गो. सी.
245 _aज्ञानसागरातील शिंपले भाग
260 _b"यशवंत प्रकाशन , पुणे"
_c1975 3
300 _a224
630 _aज्ञानसागरातील शिंपले भाग
730 _aज्ञानसागरातील शिंपले भाग
942 _cBOOK
999 _c465279
_d465276